Countries with best education system in the world - Statistics

General Stats
  • This quiz has been taken 231 times
  • The average score is 15 of 20
Answer Stats
Hint Answer % Correct
17 United States
97%
6 United Kingdom
96%
10 Canada
90%
1 Finland
90%
15 Germany
89%
4 Japan
89%
13 Australia
88%
12 Denmark
85%
2 South Korea
84%
7 Netherlands
82%
16 Belgium
81%
8 New Zealand
81%
11 Ireland
79%
9 Switzerland
76%
5 Singapore
72%
14 Poland
69%
20 Russia
64%
3 HongKong
43%
18 Hungary
43%
19 Slovakia
35%
No matching quizzes found
Score Distribution
Percent of People with Each Score
Percentile by Number Answered
Your Score History
You have not taken this quiz